[Event "MEX-ch (Women)"]
[Site "Mexico City"]
[Date "2023.11.11"]
[Round "8"]
[White "Diaz Osorio, Ana Carolina"]
[Black "Coronado Osorio, Sofia Abigail"]
[Result "1/2-1/2"]
[WhiteElo "1728"]
[BlackElo "1727"]
[PlyCount "96"]
[EventDate "2023.11.07"]
[EventType "swiss"]
[EventRounds "9"]
[EventCountry "MEX"]
[SourceTitle "CB47_2023"]
[SourceDate "2023.11.22"]
[SourceVersion "1"]
[SourceVersionDate "2023.11.22"]
[SourceQuality "1"]

1. e4 d6 2. d4 Nf6 3. Nc3 g6 4. Bg5 Bg7 5. Qd2 h6 6. Bf4 g5 7. Be3 Ng4 8. Bc4 Nxe3 9. fxe3 c6 10. Nge2 Nd7 11. Ng3 Nf6 12. Rf1 0-0 13. Bd3 e5 14. 0-0-0 b5 15. Nf5 Bxf5 16. Rxf5 Qe7 17. Rdf1 exd4 18. exd4 b4 19. Nd1 Nxe4 20. Qxb4 Rab8 21. Qa3 Nf6 22. Ra5 Rb7 23. Ba6 Rc7 24. Ne3 Qe4 25. Nf5 d5 26. g3 Qg2 27. Bd3 Ne4 28. Nxg7 Kxg7 29. Rxa7 Rxa7 30. Qxa7 Qd2+ 31. Kb1 Nf2 32. Qa6 Nxd3 33. Qxd3 Qxd3 34. cxd3 f5 35. Kc2 Kf6 36. a4 Ke6 37. b4 f4 38. g4 Kd6 39. Kb3 Re8 40. Rf3 Re2 41. Rh3 Re6 42. a5 Kc7 43. Ka4 Rf6 44. Rf3 Re6 45. Rh3 Rf6 46. Rf3 Re6 47. Rh3 Rf6 48. Rf3 Re6 1/2-1/2